Welcome to the Holygrace Academy Library

Please use search bar below to get started

ALYONUSHKA - RUSSIAN FOLK TALES (Record no. 7416)

MARC details
000 -LEADER
fixed length control field 00286nam a22001217a 4500
082 ## - DEWEY DECIMAL CLASSIFICATION NUMBER
Classification number 823
Item number IRI/A
100 ## - MAIN ENTRY--AUTHOR NAME
Personal name IRINA, Z
100 ## - MAIN ENTRY--AUTHOR NAME
Personal name BERNARDI
245 ## - TITLE STATEMENT
Title ALYONUSHKA - RUSSIAN FOLK TALES
260 ## - PUBLICATION, DISTRIBUTION, ETC. (IMPRINT)
Place of publication MOSCOW
Name of publisher RADHUYA PUBLICATIONS
Year of publication 1989
650 ## - SUBJECT ADDED ENTRY--TOPICAL TERM
Topical Term ENGLISH STORY
Geographic subdivision MOSCOW
942 ## - ADDED ENTRY ELEMENTS (KOHA)
Koha item type Books
Holdings
Withdrawn status Lost status Collection code Home library Current library Date acquired Source of acquisition Cost, normal purchase price Full call number Accession Number Koha item type
Withdrawn Damaged Item Fiction Main Library Main Library 08/05/2006 purchase 35.00 823 IRI/A 00480 Books